00931 2200301 4500001002100000005001500021035002000036007000300056008004100059020002200100082001600122084001800138100003000156245009900186250002400285300004200309650004600351700003100397264003000428336002100458337003000479338002300509040002200532090002100554850001200575999002100587990002100608INLIS00000000089731820250620112452 a0010-0625000689ta250620s2011 yoia g ind d a978-979-29-2412-104223a373.126 a373.126 AGU b0 aAgus KamaludinePengarang10aBuku saku sakti UAN SMP (fisika, biologi, kimia) /cAgus Kamaludin; penyunting, Arie Prabawati aEdisi pertama, 2011 avi, 346 halaman :bilustrasi ;c15 cm 4aSekolah lanjutan atas-- Soal, ujian, dsb.0 aArie PrabawatiePenyunting31aYogyakarta :bAndi,c2011 2rdacontentateks 2rdamediaatanpa perantara 2rdacarrieravolume aYOPDYOGbinderda aCB-D.11 2011-327 aYOPDYOG aCB-D.11/2011-327 aCB-D.11/2011-327